Organizational Behavior. (Record no. 2144)

MARC details
005 - DATE AND TIME OF LATEST TRANSACTION
control field 20250508055815.0
020 ## - INTERNATIONAL STANDARD BOOK NUMBER
International Standard Book Number 978-0-07-338125-1
082 ## - DEWEY DECIMAL CLASSIFICATION NUMBER
Classification number 658.3 KRE
100 ## - MAIN ENTRY--PERSONAL NAME
Author name KREITNER, R.
245 ## - TITLE STATEMENT
Title Organizational Behavior.
250 ## - EDITION STATEMENT
Edition statement 8th Ed
260 ## - PUBLICATION, DISTRIBUTION, ETC.
Place of publication, distribution, etc. New York,
Name of publisher, distributor, etc. McGraw-Hill/ Irwin,
Date of publication, distribution, etc. 2008.
300 ## - PHYSICAL DESCRIPTION
Extent Xxxi, 660p.: ill.; figure, picture, table
Other physical details Glossary & Index
Dimensions 26cm.
700 ## - ADDED ENTRY--PERSONAL NAME
Other authors/Editors KINICKI, A.
856 ## - ELECTRONIC LOCATION AND ACCESS
Link text Access Online Book
Electronic name Organizational
Path www.mhhe.com
942 ## - ADDED ENTRY ELEMENTS (KOHA)
Source of classification or shelving scheme Dewey Decimal Classification
Koha item type Books
Holdings
Date last seen Total checkouts Full call number Barcode Cost, replacement price Price effective from Koha item type Lost status Source of classification or shelving scheme Damaged status Not for loan Withdrawn status Home library Current library Shelving location Date acquired Cost, normal purchase price
05/08/2025   658.3 KRE 0000008301 180000.00 05/08/2025 Books   Dewey Decimal Classification       College of Business Education Main Library College of Business Education Main Library General Collection 09/07/2011 60000.00
05/08/2025   658.3 KRE 0000008302 180000.00 05/08/2025 Books   Dewey Decimal Classification       College of Business Education Main Library College of Business Education Main Library General Collection 09/07/2011 60000.00
05/08/2025   658.3 KRE 0000008303 180000.00 05/08/2025 Books   Dewey Decimal Classification       College of Business Education Main Library College of Business Education Main Library General Collection 09/07/2011 60000.00
05/08/2025   658.3 KRE 0000008304 180000.00 05/08/2025 Books   Dewey Decimal Classification       College of Business Education Main Library College of Business Education Main Library General Collection 09/07/2011 60000.00
05/08/2025   658.3 KRE 0000008305 180000.00 05/08/2025 Books   Dewey Decimal Classification       College of Business Education Main Library College of Business Education Main Library General Collection 09/07/2011 60000.00